00000000nam 2200000zi 4500
0019.881707
003CaOODSP
00520241203113653
006m     o  d f      
007cr |n|||||||||
008191105e199406##onca    o    f000 0 eng d
020 |z0662223578
040 |aCaOODSP|beng|erda|cCaOODSP
043 |an-cn---
0861 |aEn40-223/1-1994E-PDF|zEn40-223/1-1994E
1001 |aCurrie, Ena, |eauthor.
24510|aContaminated sediment removal program / |c[author: Ena Currie].
264 1|a[Burlington, Ontario] : |b[Great Lakes Cleanup Fund, Environment Canada], |cJune, 1994.
300 |a1 online resource (19 pages) : |bcolour illustrations
336 |atext|btxt|2rdacontent
337 |acomputer|bc|2rdamedia
338 |aonline resource|bcr|2rdacarrier
500 |aDigitized edition from print [produced by Environment and Climate Change Canada].
500 |aCover title.
520 |a"This publication is about cleaning up contaminated sediment in the Great Lakes basin. It discusses a unique program - Contaminated Sediment Removal - bringing together governments, industry, communities and concerned citizens. It also outlines innovative technology, now achieving worldwide, recognition, and commercial opportunities for Canadian companies to market this advanced technology abroad"--Introduction.
69207|2gccst|aPollutants
69207|2gccst|aSediments
7101 |aCanada. |bEnvironment Canada.
7760#|tContaminated Sediment Removal Program |w(CaOODSP)9.645603
85640|qPDF|s6.37 MB|uhttps://publications.gc.ca/collections/collection_2019/eccc/En40-223-1-1994-eng.pdf